Vin Diesel - All The Movies - Statistics

General Stats
  • This quiz has been taken 4 times
  • The average score is 20 of 35
Answer Stats
Picture Answer % Correct
Saving Private Ryan (1998)
100%
The Fast And The Furious (2001)
100%
The Iron Giant (1999)
100%
A Man Apart (2003)
67%
Avengers: Endgame (2019)
67%
Avengers: Infinity War (2018)
67%
Boiler Room (2000)
67%
Fast Five (2011)
67%
Fast & Furious (2009)
67%
Fast & Furious 6 (2013)
67%
Fast & Furious 7 (2015)
67%
Fast & Furious 8 (2017)
67%
Fast & Furious 9 (2021)
67%
Fast X (2023)
67%
Guardians Of The Galaxy (2014)
67%
Pitch Black (2000)
67%
Ralph Breaks The Internet (2018)
67%
The Chronicles Of Riddick (2004)
67%
The Pacifier (2005)
67%
Thor: Love And Thunder (2022)
67%
xXx (2002)
67%
Babylon A.D. (2008)
33%
Billy Lynn’s Long Halftime Walk (2016)
33%
Bloodshot (2020)
33%
Fast & Furious: Spy Racers (2019)
33%
Find Me Guilty (2006)
33%
Guardians Of The Galaxy Vol 2 (2017)
33%
Guardians Of The Galaxy Vol 3 (2023)
33%
I Am Groot (2022)
33%
Knockaround Guys (2001)
33%
Riddick (2013)
33%
Strays (1997)
33%
The Guardians Of The Galaxy Holiday Special (2022)
33%
The Last Witch Hunter (2015)
33%
xXx: Return Of Xander Cage (2017)
33%
No matching quizzes found
Score Distribution
Percent of People with Each Score
Percentile by Number Answered
Your Score History
You have not taken this quiz